000 00885nam a22002057a 4500
003 OSt
005 20160620110323.0
008 150408b xxu||||| |||| 00| 0 eng d
040 _cBMC
082 _a657
100 1 _935914
_aLópez Villa, Gladis Marisol
245 1 0 _aPasantía de asistente de contador, empresa ACOMTUS S.A. de C.V.
_b: Informe final
_cGladis Marisol López Villa
260 _aSanta Ana (El Salvador)
_bUniversidad Católica de El Salvador
_c2008
300 _a1 v. (pág. var.)
_c28 cm
_b+ 1 disco compacto
500 _aPrecede al tít.: Universidad Católica de Occidente, Facultad de Ciencias Económicas
502 _aTrabajo de graduación para optar al grado académico de Licenciatura en Contaduría Pública
650 2 4 _9877
_aContabilidad
710 2 _91067
_aUniversidad Católica de El Salvador
_bFacultad de Ciencias Empresariales
942 _2ddc
_cTG
999 _c22192
_d22192